000 00820nam a2200277Ia 4500
001 Z_1718
003 CHAP
008 220113s1999 xx 000 0 und d
010 _a164810
040 _cCHAP
090 _aTesis B 1382
100 _aBarreras Serrano, Alberto
_910433
245 _aAspectos genéticos y fenotípicos de la forma de la curva de lactancia en cabras /
_cpor Alberto Barreras Serrano
260 _aChapingo, Méx. :
_bEl autor,
_c1999
300 _a144 h.
502 _aTesis (Ing. Agr. Esp. en Zootecnia) -- UACH. Departamento de Zootecnia
650 _aGanado cabrío
_xGenética
_945013
650 _aLactancia
_964346
650 _aLeche de cabra
_xProducción
_965427
901 _aTESIS B 1382
902 _aM
910 _a1999
942 _c2
942 _c2
999 _c164810
_d164810